00477nam a22001697a 4500003000600000005001700006008004100023020001500064040000800079082001500087100001600102245006000118247004300178260004800221300001900269650001900288GBCCL20241126110553.0180418b ||||| |||| 00| 0 eng d a0871232170 cgbc a234.8bHEG aHegre, T.A. aHow to find freedom from the power of sin /cT.A. Hegre aThe will of God... Your Sanctification aMinnesota:bBethany Fellowship, Inc.,c1961 a95 p.;c18 cm. aSanctification